[Event "27. Torneo San Viator 2016 - Troneo B"]
[Site "Madrid ESP"]
[Date "2016.10.16"]
[Round "5.27"]
[White "Insua Rodriguez, Antonio"]
[Black "Garcia Pumarega, Cesar"]
[Result "1-0"]
[WhiteElo "1432"]
[BlackElo "1274"]
[PlyCount "139"]
[EventDate "2016.09.25"]
[EventType "swiss"]
[EventRounds "9"]
[EventCountry "ESP"]
[Source "lmi"]
[SourceDate "2016.09.25"]

1. Nc3 d5 2. d4 Bf5 3. f3 Nf6 4. g4 Bg6 5. g5 Nh5 6. f4 Nd7 7. e4 dxe4 8. f5
Bxf5 9. Qxh5 e5 10. Bc4 g6 11. Qe2 Bb4 12. Bd2 exd4 13. Nxe4 Qe7 14. Bxb4 Qxb4+
15. Nc3+ Qe7 16. Qxe7+ Kxe7 17. Nd5+ Kd6 18. O-O-O Be4 19. Ne2 Bxh1 20. Rxh1
Kc5 21. Bb3 c6 22. Ndf4 a5 23. a3 a4 24. Nd3+ Kb5 25. Nxd4+ Kb6 26. Bxf7 Rhf8
27. Ba2 Nc5 28. Nxc5 Kxc5 29. Ne6+ Kd6 30. Nxf8 Rxf8 31. Rd1+ Kc7 32. c3 Rf2
33. Rd2 Rf8 34. Kc2 Rf3 35. Bg8 Rh3 36. Be6 Re3 37. Bg4 Re4 38. h3 Re7 39. b3
axb3+ 40. Kxb3 Kb6 41. Rd7 Rxd7 42. Bxd7 Kc5 43. Be6 Kd6 44. Bg8 Ke5 45. Bxh7
Kf4 46. h4 Kg4 47. Bxg6 Kxh4 48. Bf5 Kxg5 49. Bc8 b6 50. Kb4 Kf6 51. Bb7 c5+
52. Kb5 Ke5 53. Kxb6 Kd6 54. c4 Ke5 55. Kxc5 Ke6 56. a4 Kd7 57. Kb6 Kd6 58. a5
Kd7 59. a6 Kd8 60. a7 Kd7 61. a8=Q Kd6 62. Bd5 Ke5 63. Qc6 Kd4 64. c5 Ke5 65.
Qe6+ Kd4 66. c6 Kd3 67. Qe4+ Kc3 68. c7 Kb2 69. c8=Q Ka1 70. Qc1# 1-0

[Event "27. Torneo San Viator 2016 - Troneo B"]
[Site "Madrid ESP"]
[Date "2016.10.16"]
[Round "5.28"]
[White "Coronado Riscos, Hector"]
[Black "Soria Martinez, Daniel"]
[Result "1-0"]
[WhiteElo "1034"]
[BlackElo "1414"]
[PlyCount "127"]
[EventDate "2016.09.25"]
[EventType "swiss"]
[EventRounds "9"]
[EventCountry "ESP"]
[Source "lmi"]
[SourceDate "2016.09.25"]

1. d4 Nf6 2. Nf3 e6 3. Bg5 d5 4. e3 Be7 5. Bxf6 Bxf6 6. Nbd2 Nd7 7. Be2 c5 8.
c3 Qb6 9. Qb3 cxd4 10. Qxb6 Nxb6 11. cxd4 O-O 12. b3 Nd7 13. O-O e5 14. dxe5
Nxe5 15. Nxe5 Bxe5 16. Rac1 Bd6 17. Rfd1 Ba3 18. Rc2 Bf5 19. Rc7 Rab8 20. Nb1
Bd6 21. Rcc1 Rbc8 22. h3 Rfe8 23. Rxc8 Rxc8 24. Rxd5 Rc1+ 25. Bf1 g6 26. Rxd6
Rxb1 27. g4 Be4 28. Rd4 Bf3 29. Rd2 Kg7 30. g5 h6 31. h4 Bg4 32. Kg2 f6 33. f4
hxg5 34. hxg5 Kf7 35. Be2 Bf5 36. Bd3 Bxd3 37. Rxd3 Rb2+ 38. Kf3 Rxa2 39. Rd7+
Ke6 40. Rxb7 Ra6 41. e4 fxg5 42. fxg5 Ke5 43. Rb4 Rd6 44. Ke3 Rd8 45. Rb5+ Ke6
46. Ra5 Rd7 47. Ra6+ Kf7 48. e5 Re7 49. Rf6+ Kg7 50. e6 Rb7 51. Kd4 Rxb3 52.
Rf7+ Kg8 53. Rxa7 Rb4+ 54. Ke5 Rb6 55. Kf6 Rc6 56. Ra8+ Kh7 57. Kf7 Rc7+ 58. e7
Rd7 59. Rd8 Rxd8 60. exd8=N Kh8 61. Kxg6 Kg8 62. Kf6 Kf8 63. g6 Ke8 64. g7 1-0

[Event "27. Torneo San Viator 2016 - Troneo B"]
[Site "Madrid ESP"]
[Date "2016.10.16"]
[Round "5.30"]
[White "Lavado Pena, David"]
[Black "Ramos Barbancho, Jose Manuel"]
[Result "0-1"]
[WhiteElo "1026"]
[BlackElo "1376"]
[PlyCount "78"]
[EventDate "2016.09.25"]
[EventType "swiss"]
[EventRounds "9"]
[EventCountry "ESP"]
[Source "lmi"]
[SourceDate "2016.09.25"]

1. c4 c6 2. Nc3 Nf6 3. g3 d5 4. cxd5 cxd5 5. d4 Nc6 6. Bg2 Bf5 7. a3 e6 8. Nf3
Bd6 9. O-O a6 10. Bg5 O-O 11. Nh4 Bg6 12. Nxg6 hxg6 13. e4 Be7 14. e5 Nh7 15.
Bxe7 Nxe7 16. f4 Nf5 17. Qd3 Qb6 18. Rfd1 Rfe8 19. Na4 Qa7 20. Rac1 Rac8 21.
Rc3 Rxc3 22. Qxc3 b5 23. Qc5 Qxc5 24. Nxc5 Rc8 25. Rd3 Nxd4 26. Rxd4 Rxc5 27.
Rd2 Nf8 28. Rd3 Nd7 29. b4 Rc1+ 30. Kf2 Nb6 31. Kf3 Rc2 32. h4 Nc4 33. Kg4 Rxg2
34. Kf3 Ra2 35. Kg4 Rxa3 36. Rd1 Ne3+ 37. Kh3 Nxd1 38. Kg2 Rb3 39. Kh3 Rxb4 0-1

[Event "27. Torneo San Viator 2016 - Troneo B"]
[Site "Madrid ESP"]
[Date "2016.10.16"]
[Round "5.32"]
[White "Ghavami, Mahmoud"]
[Black "Jimenez Sanchez, Juan Daniel"]
[Result "1/2-1/2"]
[WhiteElo "1592"]
[BlackElo "1339"]
[PlyCount "69"]
[EventDate "2016.09.25"]
[EventType "swiss"]
[EventRounds "9"]
[EventCountry "ESP"]
[Source "lmi"]
[SourceDate "2016.09.25"]

1. d4 Nf6 2. Nf3 e6 3. Bf4 c5 4. c3 Qb6 5. Qc2 Nh5 6. Bg3 Nxg3 7. hxg3 h6 8. e3
d5 9. Nbd2 Nc6 10. Be2 g5 11. Nxg5 Bg7 12. Nxf7 Kxf7 13. Bh5+ Ke7 14. Qg6 Kd6
15. Qxg7 Bd7 16. dxc5+ Qxc5 17. Qg6 Ne5 18. Qc2 Raf8 19. Bf3 Bb5 20. Be2 Bxe2
21. Kxe2 Rxf2+ 22. Kxf2 Ng4+ 23. Ke1 Qxe3+ 24. Kd1 Nf2+ 25. Kc1 Nxh1 26. b4
Nxg3 27. Kb2 Rc8 28. Nb3 Rf8 29. Qh7 Ne4 30. Rc1 Rf2+ 31. Ka3 Nxc3 32. Rc2 Nb5+
33. Ka4 Nc3+ 34. Ka3 Nb5+ 35. Ka4 1/2-1/2

[Event "27. Torneo San Viator 2016 - Troneo B"]
[Site "Madrid ESP"]
[Date "2016.10.16"]
[Round "5.33"]
[White "Aparicio Iriso, Miguel"]
[Black "Amador Andujar, Alfredo"]
[Result "1-0"]
[WhiteElo "1325"]
[BlackElo "1575"]
[PlyCount "41"]
[EventDate "2016.09.25"]
[EventType "swiss"]
[EventRounds "9"]
[EventCountry "ESP"]
[Source "lmi"]
[SourceDate "2016.09.25"]

1. d4 Nf6 2. c4 e6 3. g3 g6 4. Nc3 Bg7 5. Bg2 c6 6. e4 d6 7. Nge2 Nbd7 8. O-O
O-O 9. f4 Re8 10. e5 dxe5 11. fxe5 Ng4 12. Nf4 Nh6 13. Ne4 Nb6 14. b3 Nf5 15.
Ne2 h5 16. Bg5 Qc7 17. Nf6+ Bxf6 18. Bxf6 Nd7 19. Qd2 Nxf6 20. exf6 c5 21. Rxf5
1-0

[Event "27. Torneo San Viator 2016 - Troneo B"]
[Site "Madrid ESP"]
[Date "2016.10.16"]
[Round "5.34"]
[White "Fogue Caro, David"]
[Black "Del Noval Nemeshazi, Mario"]
[Result "0-1"]
[WhiteElo "1524"]
[BlackElo "1304"]
[PlyCount "82"]
[EventDate "2016.09.25"]
[EventType "swiss"]
[EventRounds "9"]
[EventCountry "ESP"]
[Source "lmi"]
[SourceDate "2016.09.25"]

1. c4 Nf6 2. Nc3 e5 3. g3 Bb4 4. Bg2 O-O 5. Nf3 Nc6 6. O-O Re8 7. Qc2 d6 8. a3
Bc5 9. Na4 Bb6 10. Nxb6 axb6 11. d3 Bg4 12. h3 Bh5 13. Bd2 e4 14. dxe4 Nxe4 15.
Be3 Bg6 16. Qd1 Qf6 17. Nd4 Nxd4 18. Bxd4 Qe6 19. Rc1 c5 20. Be3 Nxg3 21. Bd5
Qe5 22. Qd2 Nxf1 23. Rxf1 Be4 24. Bf4 Qf5 25. Bxe4 Qxe4 26. e3 Re6 27. Kh2 Qxc4
28. Rg1 Rg6 29. Rxg6 hxg6 30. Qxd6 Qe2 31. Bg3 Qxb2 32. Qc7 Qxa3 33. Qxb7 Qa7
34. Qc7 b5 35. Qc6 b4 36. Bd6 b3 37. Bxc5 Qa2 38. Bd4 Qxf2+ 39. Kh1 Qe1+ 40.
Kg2 Ra2+ 41. Kf3 Qh1+ 0-1

[Event "27. Torneo San Viator 2016 - Troneo B"]
[Site "Madrid ESP"]
[Date "2016.10.16"]
[Round "5.35"]
[White "Krause Llorente, Paul"]
[Black "Periotto Miori, Lautaro"]
[Result "1/2-1/2"]
[WhiteElo "1510"]
[BlackElo "1237"]
[PlyCount "45"]
[EventDate "2016.09.25"]
[EventType "swiss"]
[EventRounds "9"]
[EventCountry "ESP"]
[Source "lmi"]
[SourceDate "2016.09.25"]

1. d4 d5 2. Nc3 c6 3. Bf4 Bf5 4. Nf3 e6 5. h3 Nf6 6. Nh4 Bg6 7. Nxg6 fxg6 8. a3
Be7 9. e3 O-O 10. Bd3 Nbd7 11. b4 a6 12. b5 c5 13. dxc5 Nxc5 14. O-O Nxd3 15.
Qxd3 Rc8 16. Rfc1 Nh5 17. Ne2 Nxf4 18. Nxf4 Rf6 19. c4 Bd6 20. Ne2 Qf8 21. a4
Rxf2 22. Nd4 Rf6 23. c5 1/2-1/2

[Event "27. Torneo San Viator 2016 - Troneo B"]
[Site "Madrid ESP"]
[Date "2016.10.16"]
[Round "5.37"]
[White "Lozano Serrano, Nuria"]
[Black "Rivera Rodriguez, Luis Fernand"]
[Result "1-0"]
[WhiteElo "1188"]
[BlackElo "1394"]
[PlyCount "59"]
[EventDate "2016.09.25"]
[EventType "swiss"]
[EventRounds "9"]
[EventCountry "ESP"]
[Source "lmi"]
[SourceDate "2016.09.25"]

1. c4 c5 2. Nc3 Nf6 3. g3 e6 4. Bg2 d5 5. d3 Nc6 6. Bg5 Be7 7. Nf3 h6 8. Bf4
Bd6 9. Bxd6 Qxd6 10. O-O O-O 11. Rc1 e5 12. cxd5 Nxd5 13. Nxd5 Qxd5 14. h3 b6
15. Nxe5 Qxe5 16. Bxc6 Bxh3 17. Qd2 Bxf1 18. Bxa8 Qxe2 19. Qxe2 Bxe2 20. Be4 f5
21. Bd5+ Kh8 22. Bc4 f4 23. d4 Bxc4 24. Rxc4 f3 25. dxc5 Rd8 26. Rc1 bxc5 27.
g4 Rd2 28. Rxc5 Rd1+ 29. Kh2 Rf1 30. Rc2 1-0

[Event "27. Torneo San Viator 2016 - Troneo B"]
[Site "Madrid ESP"]
[Date "2016.10.16"]
[Round "5.39"]
[White "Pedraza Del Toro, Marcos"]
[Black "Garcia Lozano, Javier"]
[Result "0-1"]
[WhiteElo "1091"]
[BlackElo "1359"]
[PlyCount "143"]
[EventDate "2016.09.25"]
[EventType "swiss"]
[EventRounds "9"]
[EventCountry "ESP"]
[Source "lmi"]
[SourceDate "2016.09.25"]

1. e4 e5 2. Nf3 Nc6 3. Nc3 Bc5 4. Bb5 d6 5. O-O Nf6 6. Bxc6+ bxc6 7. d4 exd4 8.
Nxd4 Bg4 9. Qd3 Bd7 10. Bf4 O-O 11. Na4 Bb6 12. Nxb6 axb6 13. Qg3 Nxe4 14. Qf3
d5 15. b3 c5 16. Ne2 Bc6 17. Rfd1 Qf6 18. Qe3 d4 19. Qd3 Rad8 20. f3 Nd6 21.
Qd2 Rfe8 22. Bg5 Qg6 23. Bxd8 Bxf3 24. Nf4 Qg4 25. Rf1 Ne4 26. Qc1 g5 27. Rxf3
gxf4 28. Qxf4 Qxf4 29. Rxf4 Nc3 30. Rg4+ Kf8 31. Bxc7 Re2 32. Bxb6 Rxc2 33.
Bxc5+ Ke8 34. Re1+ Ne2+ 35. Kf2 d3 36. Re4+ Kd7 37. Rd4+ Nxd4+ 38. Ke3 Nf5+ 39.
Kxd3 Rxc5 40. Rf1 Rd5+ 41. Ke4 Ke6 42. g4 Rd4+ 43. Kf3 Nd6 44. Kg3 Ne4+ 45. Kh4
Rd2 46. Re1 Kd5 47. h3 Rxa2 48. Kh5 Ng3+ 49. Kg5 Ra5 50. Kh6 Ra7 51. Kxh7 f5+
52. Kg6 fxg4 53. hxg4 Ra8 54. Rd1+ Kc5 55. Kg5 Ne4+ 56. Kf4 Nf2 57. Rd2 Rf8+
58. Ke3 Nxg4+ 59. Ke4 Re8+ 60. Kd3 Re3+ 61. Kc2 Nf6 62. Rd3 Re8 63. Rc3+ Kb5
64. Kb2 Nd5 65. Rd3 Re2+ 66. Ka3 Nb4 67. Rd5+ Nxd5 68. b4 Re3+ 69. Kb2 Nxb4 70.
Kb1 Re2 71. Kc1 Na2+ 72. Kb1 0-1

[Event "27. Torneo San Viator 2016 - Troneo B"]
[Site "Madrid ESP"]
[Date "2016.10.16"]
[Round "5.41"]
[White "Pastor Martinez, Diego"]
[Black "Rufo Yebra, Benito"]
[Result "0-1"]
[WhiteElo "1251"]
[BlackElo "1393"]
[PlyCount "62"]
[EventDate "2016.09.25"]
[EventType "swiss"]
[EventRounds "9"]
[EventCountry "ESP"]
[Source "lmi"]
[SourceDate "2016.09.25"]

1. e4 e5 2. Nf3 d6 3. Nc3 Nf6 4. d3 Be6 5. Be2 h6 6. O-O Qd7 7. d4 exd4 8. Nxd4
Bg4 9. Bxg4 Nxg4 10. h3 Ne5 11. Nf3 Nbc6 12. Nxe5 Nxe5 13. Re1 O-O-O 14. Be3
Kb8 15. a3 g5 16. f4 gxf4 17. Bxf4 Rg8 18. Nd5 Qxh3 19. Ne3 Nf3+ 20. Kf2 Rxg2+
21. Nxg2 Nxe1 22. Qxe1 d5 23. exd5 Bc5+ 24. Be3 Re8 25. Qc3 Qf5+ 26. Nf4 Bxe3+
27. Kg2 Rg8+ 28. Kf1 Qxf4+ 29. Ke2 Bd4 30. Qf3 Re8+ 31. Kd3 Qxf3+ 0-1

[Event "27. Torneo San Viator 2016 - Troneo B"]
[Site "Madrid ESP"]
[Date "2016.10.16"]
[Round "5.42"]
[White "Perez Ramos, Miguel Angel"]
[Black "Perez Perez, Marta"]
[Result "0-1"]
[WhiteElo "1193"]
[BlackElo "1392"]
[PlyCount "104"]
[EventDate "2016.09.25"]
[EventType "swiss"]
[EventRounds "9"]
[EventCountry "ESP"]
[Source "lmi"]
[SourceDate "2016.09.25"]

1. e4 e5 2. Nf3 Nc6 3. Be2 Bc5 4. c3 Nf6 5. b4 Bb6 6. Qc2 d6 7. Na3 a6 8. d3
Bd7 9. Qd2 h6 10. Nc2 O-O 11. Qd1 Re8 12. Be3 Ba7 13. Bxa7 Rxa7 14. Ne3 Be6 15.
O-O d5 16. exd5 Nxd5 17. Nxd5 Bxd5 18. a3 Qf6 19. c4 Be6 20. Qd2 Raa8 21. Qe3
Nd4 22. Nxd4 exd4 23. Qf3 Qxf3 24. Bxf3 Rab8 25. Rfe1 c6 26. Ra2 Bxc4 27. Rae2
Rxe2 28. Bxe2 Bd5 29. h3 Re8 30. Kf1 Kf8 31. Rc1 Bxg2+ 32. Kxg2 Rxe2 33. Rc4
Re5 34. Rxd4 Rd5 35. Rxd5 cxd5 36. Kf3 Ke7 37. Kf4 Ke6 38. d4 g6 39. h4 f6 40.
Kg4 g5 41. hxg5 hxg5 42. f3 b6 43. f4 gxf4 44. Kxf4 f5 45. a4 Kf6 46. b5 axb5
47. axb5 Kg6 48. Kf3 Kg5 49. Kf2 Kg4 50. Kf1 Kf3 51. Kg1 Ke2 52. Kg2 f4 0-1

[Event "27. Torneo San Viator 2016 - Troneo B"]
[Site "Madrid ESP"]
[Date "2016.10.16"]
[Round "5.47"]
[White "Guillo Sanchez-Galiano, Ernest"]
[Black "Amador Andujar, Gabriel"]
[Result "1-0"]
[WhiteElo "1202"]
[BlackElo "1124"]
[PlyCount "89"]
[EventDate "2016.09.25"]
[EventType "swiss"]
[EventRounds "9"]
[EventCountry "ESP"]
[Source "lmi"]
[SourceDate "2016.09.25"]

1. d4 d5 2. Bf4 Nc6 3. Nf3 Bg4 4. Nbd2 e6 5. h3 Bh5 6. e3 Bb4 7. c3 Ba5 8. Be2
Nf6 9. O-O Ne7 10. Ne5 Bg6 11. Qa4+ Nc6 12. Nxc6 bxc6 13. Qxa5 O-O 14. Qxc7 Qe8
15. Bd6 Rc8 16. Qxa7 Ra8 17. Qc5 Nd7 18. Qxc6 Rc8 19. Qa4 Nb6 20. Qxe8 Rfxe8
21. a4 Rc6 22. Bb5 Bd3 23. Bxc6 Rd8 24. Bh2 Bxf1 25. Kxf1 Rc8 26. Bb5 Ra8 27.
a5 Nc8 28. Nf3 f6 29. b4 Nd6 30. Bxd6 Ra7 31. Bd3 Kf7 32. b5 Ke8 33. b6 Rb7 34.
Bc7 Kd7 35. Bb5+ Kc8 36. Bc6 Rxc7 37. bxc7 Kxc7 38. Bb5 Kb7 39. Bd7 e5 40. dxe5
fxe5 41. Nxe5 h5 42. a6+ Ka7 43. Nc6+ Ka8 44. Bc8 d4 45. Bb7# 1-0

[Event "XXVII Torneo San Viator - Memorial Pepe"]
[Site "Colegio San Viator. Plaza Fer"]
[Date "2016.10.23"]
[Round "6.1"]
[White "Serrano Gonzalez, Oscar"]
[Black "Fernandez Estremera, Fernando"]
[Result "1/2-1/2"]
[WhiteElo "1714"]
[BlackElo "1652"]
[PlyCount "68"]
[EventDate "2016.09.25"]
[EventRounds "9"]
[EventCountry "ESP"]

1. d4 Nf6 2. c4 e6 3. Nf3 b6 4. g3 Bb7 5. Bg2 Be7 6. O-O d6 7. Re1 O-O 8. Nbd2
Nbd7 9. e4 e5 10. d5 Re8 11. Nh4 g6 12. Ndf3 Nc5 13. Ng5 h6 14. Nh3 Bf8 15. b4
Ncd7 16. Kh1 a5 17. b5 Nc5 18. f3 Bc8 19. Nf2 Kh7 20. Nd3 Nxd3 21. Qxd3 Ng8 22.
Bf1 Bg7 23. Rb1 Rf8 24. Qc2 Ne7 25. Bd3 Bd7 26. Rf1 Qc8 27. g4 Qd8 28. Ng2 Ng8
29. Be3 Bf6 30. Qd2 g5 31. Bf2 Ne7 32. h4 Kg7 33. h5 Kg8 34. Ne3 Bg7 1/2-1/2

[Event "XXVII Torneo San Viator - Memorial Pepe"]
[Site "Colegio San Viator. Plaza Fer"]
[Date "2016.10.23"]
[Round "6.2"]
[White "Lopez Benitez, David"]
[Black "Castro Uceda, Jose Antonio"]
[Result "1-0"]
[WhiteElo "1679"]
[BlackElo "1532"]
[PlyCount "115"]
[EventDate "2016.09.25"]
[EventRounds "9"]
[EventCountry "ESP"]

1. Nf3 Nf6 2. g3 g6 3. Bg2 Bg7 4. d3 O-O 5. O-O d6 6. Nc3 e5 7. Bg5 c6 8. Ne4
Bf5 9. Nxf6+ Bxf6 10. Qd2 Bxg5 11. Qxg5 Qxg5 12. Nxg5 h6 13. Nf3 Re8 14. Nd2 d5
15. c4 e4 16. cxd5 cxd5 17. dxe4 dxe4 18. e3 Nc6 19. a3 Rad8 20. Rfd1 Rd7 21.
Nb3 Rxd1+ 22. Rxd1 Bc8 23. Nd4 Kg7 24. Nxc6 bxc6 25. Kf1 Ba6+ 26. Ke1 Bd3 27.
Bf1 Bxf1 28. Kxf1 Kf6 29. Rc1 Re6 30. Rc5 Rd6 31. Ke2 Re6 32. Kd2 Rd6+ 33. Kc2
Re6 34. Ra5 Re7 35. Ra6 Rc7 36. Kc3 Ke6 37. b4 Kd5 38. Ra5+ Kd6 39. Kd4 f5 40.
Ra6 Rb7 41. Kc4 Kd7 42. a4 g5 43. Ra5 f4 44. exf4 gxf4 45. gxf4 Kd6 46. Rh5 Rh7
47. Kd4 Kc7 48. Kxe4 Re7+ 49. Re5 Rg7 50. h4 Rg4 51. h5 Kd6 52. Kf5 Rg2 53.
Re6+ Kd5 54. Rxh6 Rxf2 55. Re6 Rxf4+ 56. Kxf4 Kxe6 57. h6 Kf6 58. Ke4 1-0

[Event "XXVII Torneo San Viator - Memorial Pepe"]
[Site "Colegio San Viator. Plaza Fer"]
[Date "2016.10.23"]
[Round "6.3"]
[White "Mateos Cordero, Francisco"]
[Black "Aguilera Prada, Alejandro"]
[Result "0-1"]
[WhiteElo "1637"]
[BlackElo "1459"]
[PlyCount "132"]
[EventDate "2016.09.25"]
[EventRounds "9"]
[EventCountry "ESP"]

1. d4 Nf6 2. Nf3 g6 3. Bf4 Bg7 4. e3 O-O 5. Be2 d6 6. h3 c5 7. c3 Nbd7 8. O-O
b6 9. Nbd2 Bb7 10. Ne1 Ne4 11. Nxe4 Bxe4 12. d5 Nf6 13. Bf3 Re8 14. Bg5 Bxf3
15. Qxf3 c4 16. Nc2 Nd7 17. Qe2 b5 18. e4 Ne5 19. Be3 a6 20. f4 Nd3 21. Ne1
Nxe1 22. Raxe1 Qd7 23. Rd1 e5 24. f5 f6 25. g4 g5 26. a3 h6 27. Kg2 Kf7 28. Rh1
Rh8 29. Qf2 Qe7 30. h4 Rab8 31. hxg5 hxg5 32. Rh5 Rxh5 33. gxh5 Bh6 34. Qd2 Rg8
35. Kg3 Qd7 36. Kg4 Qe7 37. Qf2 Qd7 38. Bb6 Rb8 39. Ba5 Qb7 40. Ra1 Ke7 41. Rb1
Qc8 42. Bb6 Qd7 43. Be3 Rg8 44. Qc2 Qc7 45. a4 Ra8 46. Ra1 Qc8 47. Ra2 Qb8 48.
Qd2 Qb7 49. Ra3 Rb8 50. axb5 Qxb5 51. Ra2 a5 52. Qc2 Ra8 53. Qa4 Rb8 54. Qxa5
Qb3 55. Qc7+ Kf8 56. Qxd6+ Kg8 57. Qe6+ Kh8 58. Qxf6+ Bg7 59. Qa6 Qd1+ 60. Kg3
g4 61. Kh4 Qe1+ 62. Kxg4 Qxe3 63. Qxc4 Qf4+ 64. Kh3 Qf3+ 65. Kh2 Bh6 66. b4 Rg8
0-1

[Event "XXVII Torneo San Viator - Memorial Pepe"]
[Site "Colegio San Viator. Plaza Fer"]
[Date "2016.10.23"]
[Round "6.5"]
[White "Rodriguez Nieto, Miguel"]
[Black "Benitez Cadenas, Luis Miguel"]
[Result "1-0"]
[WhiteElo "1749"]
[BlackElo "1645"]
[PlyCount "93"]
[EventDate "2016.09.25"]
[EventRounds "9"]
[EventCountry "ESP"]

1. c4 e5 2. Nc3 Nf6 3. d3 Nc6 4. g3 d5 5. cxd5 Nxd5 6. Bg2 Nb6 7. Nf3 Be7 8.
O-O O-O 9. Bd2 Be6 10. Rc1 Qd7 11. a3 Nd4 12. Nxe5 Qc8 13. Bf4 Rd8 14. Nf3 Bb3
15. Qd2 Nc4 16. Qe1 Nc2 17. Rxc2 Bxc2 18. dxc4 Qe6 19. Qc1 Bb3 20. Ng5 Qa6 21.
Nd5 Bxg5 22. Nxc7 Bxf4 23. Qxf4 Qxc4 24. Qxc4 Bxc4 25. Nxa8 Rxa8 26. Re1 Rd8
27. e3 b6 28. Rc1 b5 29. Bf1 Bxf1 30. Kxf1 Kf8 31. Ke2 Rd7 32. Rc5 Rb7 33. b4
Ke7 34. e4 Kd6 35. f4 f6 36. h4 a6 37. g4 Re7 38. Kd3 Re6 39. Kd4 g6 40. g5
fxg5 41. hxg5 Kd7 42. e5 Rb6 43. Ke4 Re6 44. Kd5 Rb6 45. Rc1 Re6 46. Rc7+ Kxc7
47. Kxe6 1-0

[Event "XXVII Torneo San Viator - Memorial Pepe"]
[Site "Colegio San Viator. Plaza Fer"]
[Date "2016.10.23"]
[Round "6.6"]
[White "Perez Sempere, Alberto"]
[Black "Ramos Antona, Enrique"]
[Result "1-0"]
[WhiteElo "1748"]
[BlackElo "1613"]
[PlyCount "126"]
[EventDate "2016.09.25"]
[EventRounds "9"]
[EventCountry "ESP"]

1. e4 c5 2. Nf3 d6 3. d4 cxd4 4. Nxd4 Nf6 5. Nc3 a6 6. Be2 e5 7. Nb3 Be6 8. Bf3
Bc4 9. Nd2 Be6 10. Nf1 Nc6 11. Ne3 Nd4 12. h3 g6 13. O-O Bg7 14. b3 O-O 15. Bb2
b5 16. Rc1 Rc8 17. Re1 Qb6 18. Nb1 Nxf3+ 19. Qxf3 Rc5 20. Ng4 Nxg4 21. hxg4 Qc7
22. c3 d5 23. Ba3 dxe4 24. Qxe4 f5 25. Qe3 Rc6 26. Bxf8 f4 27. Qf3 Kxf8 28.
Rcd1 Qc8 29. Rd8+ Qxd8 30. Qxc6 Bxg4 31. Qxa6 Qd7 32. Qa8+ Kf7 33. f3 Be6 34.
Qe4 Bd5 35. Qe2 Qc6 36. Qd3 Be6 37. Nd2 h6 38. Ne4 Bf8 39. Rd1 Bf5 40. Re1 Ke6
41. c4 bxc4 42. Qxc4+ Qxc4 43. bxc4 Bxe4 44. Rxe4 Bc5+ 45. Kf1 Bd4 46. Ke2 g5
47. Kd3 h5 48. Re1 Kf5 49. a4 g4 50. Rh1 Kg5 51. Ke4 h4 52. a5 h3 53. gxh3 gxf3
54. Kxf3 Kf5 55. Re1 Bc3 56. a6 Bd4 57. Re4 Ba7 58. h4 Bc5 59. h5 Ba7 60. h6
Kg6 61. h7 Kxh7 62. Rxe5 Kg6 63. Re7 Be3 1-0

[Event "XXVII Torneo San Viator - Memorial Pepe"]
[Site "Colegio San Viator. Plaza Fer"]
[Date "2016.10.23"]
[Round "6.7"]
[White "Del Rio Perezagua, Mario"]
[Black "Jimenez Alvaro, Angel"]
[Result "0-1"]
[WhiteElo "1600"]
[BlackElo "1743"]
[PlyCount "50"]
[EventDate "2016.09.25"]
[EventRounds "9"]
[EventCountry "ESP"]

1. Nf3 d6 2. g3 e5 3. d3 f5 4. Bg2 Nf6 5. O-O Be7 6. Nbd2 O-O 7. e4 Nc6 8. c3
fxe4 9. dxe4 Qe8 10. Qc2 Qh5 11. Nc4 Bg4 12. Nfd2 Be2 13. Re1 Bxc4 14. Nxc4 Ng4
15. h3 Nxf2 16. h4 Qg4 17. Ne3 Qxg3 18. Nf5 Nh3+ 19. Kh1 Qxe1+ 20. Kh2 Qf2 21.
Qb3+ Kh8 22. Be3 Qe2 23. c4 Nf4 24. Rg1 g6 25. Ng3 Qg4 0-1

[Event "XXVII Torneo San Viator - Memorial Pepe"]
[Site "Colegio San Viator. Plaza Fer"]
[Date "2016.10.23"]
[Round "6.8"]
[White "Garcia Rojas, Juan Carlos"]
[Black "Merino Araguas, Jose Javier"]
[Result "1-0"]
[WhiteElo "1514"]
[BlackElo "1718"]
[PlyCount "83"]
[EventDate "2016.09.25"]
[EventRounds "9"]
[EventCountry "ESP"]

1. e4 e6 2. Nf3 d5 3. exd5 exd5 4. d4 Bd6 5. Be3 Nf6 6. Bd3 Bg4 7. Nbd2 O-O 8.
c3 Nc6 9. Qc2 Bh5 10. O-O-O Bg6 11. Bg5 Bxd3 12. Qxd3 a6 13. h3 b5 14. g4 b4
15. c4 dxc4 16. Nxc4 h6 17. Bh4 Bf4+ 18. Kb1 Qd5 19. Bxf6 gxf6 20. Nh4 Ne7 21.
Ne3 Qg5 22. Nef5 Nxf5 23. Nxf5 Kh8 24. h4 Qg6 25. Qf3 Bd6 26. Qe3 Kh7 27. Ka1
Rfe8 28. Qf3 Rad8 29. g5 Bf8 30. gxh6 Kh8 31. Rhg1 Qh7 32. Qh5 Rd5 33. Rg7 Bxg7
34. hxg7+ Kg8 35. Nh6+ Kxg7 36. Rg1+ Kf8 37. Qxd5 Qxh6 38. Qc5+ Re7 39. Re1
Qxh4 40. Qxe7+ Kg7 41. Rg1+ Kh6 42. Qf8+ 1-0

[Event "XXVII Torneo San Viator - Memorial Pepe"]
[Site "Colegio San Viator. Plaza Fer"]
[Date "2016.10.23"]
[Round "6.9"]
[White "Cabello Rodriguez, Raul"]
[Black "San Felipe Gonzalez, Tomas"]
[Result "1/2-1/2"]
[WhiteElo "1571"]
[BlackElo "1712"]
[PlyCount "117"]
[EventDate "2016.09.25"]
[EventRounds "9"]
[EventCountry "ESP"]

1. e4 c5 2. Nf3 Nc6 3. c3 Nf6 4. d3 d6 5. g3 Bg4 6. Bg2 Qd7 7. O-O g6 8. Nbd2
Bg7 9. b3 O-O 10. Qc2 Rac8 11. Bb2 Rfd8 12. Rfe1 b5 13. h4 Bh3 14. Nf1 Bxg2 15.
Kxg2 Nh5 16. Ne3 a5 17. a3 Ne5 18. Qe2 e6 19. d4 Nxf3 20. Qxf3 cxd4 21. cxd4
Rc7 22. Rac1 Rdc8 23. Rxc7 Rxc7 24. Re2 Nf6 25. d5 exd5 26. Rc2 Rxc2 27. Nxc2
Qc7 28. Qd3 Qb6 29. f3 Nd7 30. b4 a4 31. Qc3 Qb8 32. Qc6 Nf6 33. Bc1 Bf8 34. g4
Ne8 35. Ne3 Be7 36. Kg3 Nc7 37. Nd1 Qa7 38. Be3 Qb8 39. Nc3 Qd8 40. g5 f6 41.
Kf2 Ne8 42. Nxb5 fxg5 43. Bxg5 Kf7 44. Bxe7 Qxe7 45. Kg3 Qf6 46. Qd7+ Kf8 47.
Qg4 Ng7 48. Kf2 Nh5 49. Qg5 Qf7 50. Nxd6 Qa7+ 51. Qe3 Qd7 52. Qh6+ Kg8 53. Nf5
Nf4 54. Ne3 Qb5 55. Kg3 Qe2 56. Qg5 Qe1+ 57. Kh2 Qxe3 58. Qd8+ Kg7 59. Qe7+
1/2-1/2

[Event "XXVII Torneo San Viator - Memorial Pepe"]
[Site "Colegio San Viator. Plaza Fer"]
[Date "2016.10.23"]
[Round "6.10"]
[White "Sanchez Ortega, Ivan"]
[Black "Estevez Sacristan, Deva"]
[Result "0-1"]
[WhiteElo "1673"]
[BlackElo "1600"]
[PlyCount "76"]
[EventDate "2016.09.25"]
[EventRounds "9"]
[EventCountry "ESP"]

1. d4 d5 2. c4 e6 3. Nc3 c6 4. Bf4 Bd6 5. Bxd6 Qxd6 6. e3 Nf6 7. Bd3 b6 8. Nge2
Ba6 9. cxd5 exd5 10. Ng3 Bxd3 11. Qxd3 O-O 12. O-O Re8 13. Rac1 Nbd7 14. Rfd1
Ng4 15. Nce2 Rac8 16. h3 Ngf6 17. Nf5 Qe7 18. a3 Qf8 19. b4 g6 20. Nfg3 Qd6 21.
Nc3 b5 22. e4 dxe4 23. Ncxe4 Nxe4 24. Nxe4 Qd5 25. Nc3 Qg5 26. Ne4 Qd5 27. Nc3
Qd6 28. Ne4 Qf4 29. Nc5 Nb6 30. g3 Qd6 31. Ne4 Qe6 32. Re1 Nc4 33. d5 cxd5 34.
Qxd5 Qxd5 35. Nf6+ Kg7 36. Nxd5 Nd6 37. Rxe8 Rxc1+ 38. Kg2 Nxe8 0-1

[Event "XXVII Torneo San Viator - Memorial Pepe"]
[Site "Colegio San Viator. Plaza Fer"]
[Date "2016.10.23"]
[Round "6.12"]
[White "Franco Rincon, David"]
[Black "Insua Rodriguez, Antonio"]
[Result "1-0"]
[WhiteElo "1728"]
[BlackElo "1432"]
[PlyCount "49"]
[EventDate "2016.09.25"]
[EventRounds "9"]
[EventCountry "ESP"]

1. d4 d5 2. c4 e6 3. Nc3 Nf6 4. Bg5 Nbd7 5. e3 Be7 6. Bd3 dxc4 7. Bxc4 a6 8.
Nge2 b5 9. Bd3 c5 10. b3 Bb7 11. O-O O-O 12. f3 h6 13. Bh4 Nd5 14. Bf2 Re8 15.
Rc1 Bd6 16. Ne4 Bf8 17. dxc5 Nb4 18. Bb1 Rc8 19. a3 Nc6 20. b4 a5 21. Nd4 axb4
22. Nxc6 Rxc6 23. axb4 Ne5 24. Qc2 Nc4 25. Nf6+ 1-0